00664nam a2200229 a 4500001001300000003000900013005001700022008004100039020002300080082001300103100002200116245003000138260004200168300000900210500003500219505001000254650001400264902000800278942000700286952012600293999001500419nice12345678IN_TiNIC20260116012840.0050524s1985 newa grp 000 0 eng  a0073389 c13500a301bSTE aStewart, Elbert W aIntroduction to Sociology aNew York bMcgraw-Hill Book Co c1985 a564p aincludes index and biblioraphy2 aIndex aSociology bSRS cBK 001040708StackRoom-aHMIbHMId2009-10-01g135.00l2o301 STEp014494r2024-01-19s2024-01-16v135.00w2005-05-24yBK c8629d8629